Marketingové plánovanie v podmienkach športového klubu Iuventa Michalovce diplomová práca

Gespeichert in:
Bibliographische Detailangaben
1. Verfasser: Nadzam, Štefan
Körperschaft: Podnikovohospodárska fakulta EU so sídlom v Košiciach. Katedra marketingu a obchodu
Weitere Verfasser: Bačo, Tomáš, 1981-
Format: Buch
Sprache:Slowakisch
Veröffentlicht: Košice 2009
Tags: Tag hinzufügen
Keine Tags, Fügen Sie das erste Tag hinzu!

MARC

LEADER 00000nam$a2200000$$$4500
001 0099222
005 20240319131758.0
041 0 |a slo 
044 |a SK 
245 1 0 |a Marketingové plánovanie v podmienkach športového klubu Iuventa Michalovce  |b diplomová práca  |c Štefan Nadzam ; škol. Tomáš Bačo 
264 1 |a Košice  |c 2009 
300 |a 79 s. 
100 1 |a Nadzam, Štefan 
700 1 |a Bačo, Tomáš, 1981- 
710 2 |a Podnikovohospodárska fakulta EU so sídlom v Košiciach. Katedra marketingu a obchodu